| 000 | 00644nam a2200229 a 4500 | ||
|---|---|---|---|
| 001 | 57323 | ||
| 003 | BD-RjUL | ||
| 005 | 20211209080509.0 | ||
| 008 | 161208s1968 enk||||| |||| 00| 0 eng d | ||
| 020 | _a0710034938 | ||
| 035 | _a(BD-RjUL)57447 | ||
| 040 |
_aBD-RjUL _beng _cBD-RjUL _dBD-RjUL |
||
| 041 | _aeng | ||
| 082 |
_223 _a307 _bKOC 1968 |
||
| 100 | 1 |
_aKönig, René _9170230 |
|
| 245 | 1 | 4 |
_aThe community / _cRené König, Translated by Edward Fitzerald |
| 260 |
_aLondon : _bRoutledge and Kegan, _c1968. |
||
| 300 |
_av, 218 p. ; _c20 cm |
||
| 650 |
_aCommunities _9170231 |
||
| 700 |
_aFitzerald, Edward _9170232 |
||
| 942 |
_2ddc _cBK |
||
| 999 |
_c57323 _d57323 |
||